| 000 | 00403nam a2200181Ia 4500 | ||
|---|---|---|---|
| 008 | 210210b1960 xxu||||| |||| 00| 0 eng d | ||
| 041 | _aeng | ||
| 082 | _a531/114 | ||
| 100 | _aRAY CHAUDHURI (D P) | ||
| 245 | _aGeneral physics | ||
| 260 |
_aCalcutta _bChayan _c1960 |
||
| 300 | _a826 | ||
| 650 | _aphysics | ||
| 650 | _aGeneral | ||
| 690 | _aPhysics | ||
| 700 | _aMITRA (P K) | ||
| 906 | _a008315 | ||
| 999 |
_c127192 _d127192 |
||